|
|
|
|
| LEADER |
00000nam0a2200000 4500 |
| 001 |
299379 |
| 005 |
20231102001210.0 |
| 035 |
|
|
|a (RuTPU)RU\TPU\book\324531
|
| 090 |
|
|
|a 299379
|
| 100 |
|
|
|a 20150627d1982 km y0rusy50 ca
|
| 101 |
0 |
|
|a rus
|
| 102 |
|
|
|a RU
|
| 105 |
|
|
|a a z 001zy
|
| 200 |
1 |
|
|a Планетарные теории геодезии
|f М. М. Машимов
|
| 210 |
|
|
|a Москва
|c Недра
|d 1982
|
| 215 |
|
|
|a 261 с.
|c ил.
|
| 320 |
|
|
|a Библиогр.: с. 259
|
| 606 |
1 |
|
|a Геодезия
|x Планетарные теории
|2 stltpush
|3 (RuTPU)RU\TPU\subj\6017
|9 33984
|
| 610 |
1 |
|
|a система координат
|
| 610 |
1 |
|
|a система координат
|
| 610 |
1 |
|
|a уравнения
|
| 610 |
1 |
|
|a теория потенциала
|
| 610 |
1 |
|
|a элементы
|
| 610 |
1 |
|
|a инерция
|
| 610 |
1 |
|
|a планетарные тела
|
| 610 |
1 |
|
|a вращение
|
| 610 |
1 |
|
|a динамические фигуры
|
| 610 |
1 |
|
|a Земля
|
| 610 |
1 |
|
|a геоид
|
| 610 |
1 |
|
|a физическая фигура
|
| 675 |
|
|
|a 528.23
|v 4
|
| 700 |
|
1 |
|a Машимов
|b М. М.
|g Мухамбет Машимович
|
| 801 |
|
1 |
|a RU
|b 63413507
|c 20150627
|
| 801 |
|
2 |
|a RU
|b 63413507
|c 20190327
|g RCR
|
| 942 |
|
|
|c BK
|